000 00405nam a2200181Ia 4500
003 0STCL
008 150530s9999 xx 000 0 und d
040 _aSTCL
_cSTCL
100 _aMoidu Vanimel
245 _aMonthayam Kathunna Veedu
250 _a1
260 _bPatabhedam
_c1993
_aAriyannur
300 _a0
546 _aMalayalam
942 _2ddc
_cBK
999 _c77940
_d77940
005 20220125171654.0